000 00482nam a2200205Ia 4500
003 OSt
005 20230420145950.0
008 210423s2007 xx 000 0 und d
020 _a9780007257447
040 _cAL
041 _aeng
082 _a823 COEP
100 _aCOELHO (Paulo).
_991122
245 _aWitch of portobello.
260 _aNew Delhi
_bHarper Collins
_c2007
300 _a329
_bPB
365 _b295
_cINR
906 _aportobello. ; Witch
942 _2ddc
_cBK
999 _c160340
_d160340